Statistiques concernant Youtubeurs ayant atteint les 100M abonnés

Cliquez ici pour prendre le quiz!

Statistiques générales

  • Ce quiz a été pris 208 fois
  • Le résultat moyen est 2 sur 5

Statistiques - réponses

Nmb d'abonnésYoutubeur% Correct
185MMrBeast
91%
111MPewDiePie
61%
249MT-Series
57%
165MCocomelon - Nursery Rhymes
20%
162MSET India
8%

Distribution des résultats

Percentile par nombre de réponses

% des personnes avec chaque résultat

Votre développement - résultats

Vous n’avez pas pris ce quiz